000 00280nam a22001337a 4500
020 _a0-431-13237-2
082 _a001
_bDOW/E
100 _aDOWSWELL, PAUL
245 _aGRAT INVENTIONS EVERYDAY LIFE
260 _aUSA
_bHEINEMANN
300 _a48
650 _aGK
_zUSA
942 _cBK
999 _c6235
_d6235